| 000 | 00619nam a2200205Ia 4500 | ||
|---|---|---|---|
| 003 | GCL | ||
| 005 | 20240530105423.0 | ||
| 008 | 140319s9999 xx 000 0 ara d | ||
| 040 |
_aGCL / _cGCL |
||
| 082 | 0 | 4 |
_a810.094 _bن إ |
| 100 | 1 | _aنزار سلوم | |
| 245 | 1 | 0 |
_aايقاع الجثث / _cنزار سلوم |
| 260 |
_a[S.N] : _bرياض الريس للكتب والنشر ، _c1990 |
||
| 300 | _a670 ص | ||
| 490 |
_aالسلسلة الشعرية الثانية _v0 |
||
| 650 | 0 | 4 | _aالشعر العربى |
| 650 | 0 | 4 | _aالعصر الحديث |
| 650 | 0 | 4 | _aدواوين وقصائد |
| 942 |
_2ddc _cBK |
||
| 999 |
_c55880 _d55880 |
||